000 00583nam a22001937a 4500
003 OSt
005 20220914155557.0
008 220914b |||||||| |||| 00| 0 eng d
040 _cBiblioteca Lado V
082 _a708
_bG154d
110 _aGaleria Brito Cimino
245 _a2+0+0+2=ano4/
260 _aBrasil
_bGrupo Takan
300 _a34p.
_c27x21cm
650 _2Tesauro de Arte & Arquitectura
_aGALERIA
650 _2Tesauro de Arte & Arquitectura
_aBRASIL
650 _2Tesauro de Arte & Arquitectura
_aARTE MODERNO
942 _2ddc
_c1
_h708
_iG154d
_n0
999 _c2002
_d2002